Việt sử giai thoại

Saved in:
Bibliographic Details
Main Author: Nguyễn, Khắc Thuần
Format: Book
Language:Undetermined
Published: Hà Nội Giáo Dục 2006
Subjects:
Tags: Add Tag
No Tags, Be the first to tag this record!
Institutions: Trung tâm Học liệu Trường Đại học Cần Thơ
LEADER 00604nam a2200217Ia 4500
001 CTU_123769
008 210402s9999 xx 000 0 und d
020 |c 9100 
082 |a 959.7 
082 |b Th502/T.5 
100 |a Nguyễn, Khắc Thuần 
245 0 |a Việt sử giai thoại 
245 0 |c Nguyễn Khắc Thuần 
260 |a Hà Nội 
260 |b Giáo Dục 
260 |c 2006 
650 |a Việt Nam 
650 |x Lịch sử 
650 |y Thời tiền Lê, 980-1009 
904 |i Nguyên 
980 |a Trung tâm Học liệu Trường Đại học Cần Thơ